|
|
|
|
| LEADER |
00000nam a22000007a 4500 |
| 005 |
20181221110449.0 |
| 007 |
cr|||| |||| |
| 008 |
181221s2018 br |||||s|||| 00||0 por d |
| 020 |
|
|
|a 978-85-361-9752-4
|
| 035 |
|
|
|a 22396
|
| 040 |
|
|
|a vLex
|
| 090 |
|
|
|c 8353
|d 8353
|
| 100 |
1 |
|
|a Messias Saliba, Tuffi
|
| 245 |
1 |
0 |
|a Legislaȯ̂ de Seguranȧ, Acidente do Trabalho e Sad︢e do Trabalhador 2018
|h [Recurso electrn̤ico] /
|c Tuffi Messias Saliba, Sofia C. Reis Saliba Pagano
|
| 256 |
|
|
|a Servicio en ln̕ea
|
| 260 |
|
|
|a San Pablo:
|b LTR,
|c 2018
|
| 300 |
|
|
|a 1 recurso electrn̤ico
|
| 500 |
|
|
|a Esta obra est ̀atualizada com as recentes alteraė̳s da legislaȯ̂, incluindo as novas Normas Regulamentadoras. Os textos legais sô agrupados de maneira didt̀ica com a finalidade de facilitar ao leitor a consulta rp̀ida dos principais textos legais pertinentes ̉seguranȧ e ̉sad︢e do trabalhador. A nova ediȯ̂ do livro de “Legislaȯ̂ de Seguranȧ, Acidente do Trabalho e Sad︢e do Trabalhador”, foi atualizada, incluindo as recentes alteraė̳s das normas Regulamentadoras do MTE. A organizaȯ̂ dos textos permite aos leitores o acesso rp̀ido e fc̀il aos textos legais pertinentes ̉matřia. Por essa razô, cada vez mais essa obra se consolida como refern̊cia entre os profissionais das diversas r̀eas de conhecimento, especialmente aqueles ligados ̉r̀ea de sad︢e dos trabalhadores e r̀ea jurd̕ica. Agradecemos mais uma vez aos leitores pela boa aceitaȯ̂ da obra, bem com, as sugeste̳s para seu aperfeiȯamento contn̕uo.
|
| 506 |
1 |
|
|a Disponible solo en los productos indicados
|d vLex Global
|d vLex Global (Academic Edition, excluding Law Schools)
|d vLex Global (U.S. Academic Edition, Law Schools)
|d vLex Global (U.S. Academic Edition, excluding Law Schools)
|d vLex Global (Academic Edition, Law Schools)
|
| 650 |
0 |
4 |
|a Seguridad y Salud Laboral
|z Brasil
|
| 700 |
1 |
|
|a Reis Saliba Pagano, Sofia C.
|
| 740 |
0 |
|
|a vLex Libros (Servicio en ln̕ea)
|
| 856 |
4 |
0 |
|u http://vlex.com/source/legisla-o-de-seguran-a-acidente-do-trabalho-e-saude-do-trabalhador-22396
|z Acceso restringido
|
| 942 |
|
|
|c BOOK
|
| 999 |
0 |
|
|a Occupational Health & Safety
|